000 00255nam a2200109Ia 4500
008 190216s9999||||xx |||||||||||||| ||und||
100 _aGupta B N
245 0 _aStatistical Theory And Practice
260 _bS Chand & Co
_c1987
300 _a918p
942 _cBK
999 _c4934
_d4934